banner-ar

فنسنت فان جوخ : بحث تطبيقى فى تفسير انماط السلوك / (Record no. 37690)

MARC details
000 -الفاتح
حقل البيانات ثابتة الطول 00760nam a2200241Ia 4500
008 - عناصر البيانات ثابتة الطول - معلومات عامة
حقل البيانات ثابتة الطول 140319s9999 xx 000 0 ara d
040 ## - مصدر الفهرسة
وكالة الفهرسة الأصلية GCL /
وكالة النسخ GCL
082 04 - رقم تصنيف ديوى العشرى
رقم التصنيف 750.118
رقم المادة ج ف
100 1# - المدخل الرئيسى - إسم شخصى
الإسم الشخصى جاسم كريم حبيب
245 10 - بيان العنوان
العنوان فنسنت فان جوخ : بحث تطبيقى فى تفسير انماط السلوك /
بيان المسئوليه,etc جاسم كريم حبيب
300 ## - الوصف المادى
التعداد 104 ص
490 ## - بيان السلسلة
عنوان السلسلة الابحاث الكاملة
رقم المجلد/ التعيين التسلسلي 0
650 04 - المدخل الاضافى بالموضوع-مصطلح موضوعى
مصطلح موضوعي النقد
650 04 - المدخل الاضافى بالموضوع-مصطلح موضوعى
مصطلح موضوعي السلوك الجنسى
650 04 - المدخل الاضافى بالموضوع-مصطلح موضوعى
مصطلح موضوعي علم النفس المرضى
650 04 - المدخل الاضافى بالموضوع-مصطلح موضوعى
مصطلح موضوعي السلوك الاجتماعى
650 04 - المدخل الاضافى بالموضوع-مصطلح موضوعى
مصطلح موضوعي الرسامون
650 04 - المدخل الاضافى بالموضوع-مصطلح موضوعى
مصطلح موضوعي فان جوخ
650 04 - المدخل الاضافى بالموضوع-مصطلح موضوعى
مصطلح موضوعي الرسم, علم النفس
650 04 - المدخل الاضافى بالموضوع-مصطلح موضوعى
مصطلح موضوعي الابداع
942 ## - عناصر المدخل الإضافي( كوها)
مصدر التصنيف او مخطط الترفيف Dewey Decimal Classification
Koha [default] item type كتاب
Holdings
حالة التراجع حالة الفقد حالة تلف ليس للاعارة المكان المؤقت الموقع الحالى تاريخ الاكتساب اجمالي اﻻعارات رقم الطلب الباركود تاريخ اخر مشاهدة تاريخ تفعيل السعر نوع وعاء كوها
        مكتبة القاهرة الكبرى مكتبة القاهرة الكبرى 03/26/2014   750.118\ج ف 92036 03/26/2014 03/26/2014 كتاب
        مكتبة القاهرة الكبرى مكتبة القاهرة الكبرى 03/26/2014   750.118\ج ف 92037 03/26/2014 03/26/2014 كتاب

Powered By

EGPV